| 000 | 00541nam a2200181 a 4500 | ||
|---|---|---|---|
| 001 | 52 | ||
| 003 | CDMR | ||
| 005 | 20131121134907.0 | ||
| 008 | 130130s1952||||||||||||||||||||||||||||d | ||
| 040 |
_aCDMR _bcat _cCDMR |
||
| 100 | 1 |
_aBusquets Molas, Esteve _957 |
|
| 245 | 1 | 0 |
_a20 lecciones de periodismo apostólico _cEsteban Busquets Molas |
| 260 |
_aMadrid _c1952 _bConsejo Superior de las Jóvenes de Acción Católica |
||
| 300 | _a97 p. | ||
| 650 | 0 | 4 |
_93100 _aPremsa catòlica |
| 650 | 0 | 4 |
_94374 _aPeriodisme _xManuals, guies, etc |
| 942 |
_cMON _2ddc |
||
| 999 |
_c52 _d52 |
||